| 000 | 00494nam a22001457a 4500 | ||
|---|---|---|---|
| 003 | MACL | ||
| 005 | 20190405155410.0 | ||
| 008 | 190405b xxu||||| |||| 00| 0 eng d | ||
| 040 | _cMACL | ||
| 100 |
_aसिंह,डॉ. अरूण प्रताप _974165 |
||
| 245 | _aबौद्ध भिक्षुणी- संघ | ||
| 260 |
_aवाराणसी _bकला एवं धर्म शोध संस्थान _c2015 |
||
| 650 |
_aधर्म _974166 |
||
| 942 |
_2ddc _cHIN |
||
| 999 |
_c59284 _d59284 |
||